| 000 | 00450nam a2200157Ia 4500 | ||
|---|---|---|---|
| 008 | 230718s9999 xx 000 0 und d | ||
| 041 | _aeng | ||
| 082 |
_a629.8'9 _bCOX |
||
| 100 |
_aCox R. A. _9159433 |
||
| 245 |
_a Progammable Controllers _bTechnical Book Servicesnicians guide to |
||
| 260 |
_c2001 _bDelmar Ceneage Learning |
||
| 300 | _a374 | ||
| 365 |
_cRs. _b325.00 |
||
| 700 |
_aCox R. A. _9159433 |
||
| 906 |
_dB:78125-Jan-2002 _cINST _b48.75 |
||
| 999 |
_c303343 _d303343 |
||